Dr. S. R. Lasker Library Online Catalogue

Home      Library Home      Institutional Repository      E-Resources      MyAthens      EWU Home

Business information sources / (Record no. 2960)

MARC details
000 -LEADER
fixed length control field 01124pam a2200325 a 4500
001 - CONTROL NUMBER
control field 2960
003 - CONTROL NUMBER IDENTIFIER
control field BD-DhEWU
005 - DATE AND TIME OF LATEST TRANSACTION
control field 20140812163515.0
008 - FIXED-LENGTH DATA ELEMENTS--GENERAL INFORMATION
fixed length control field 840329s1985 cau g s001 0 eng d
020 ## - INTERNATIONAL STANDARD BOOK NUMBER
International Standard Book Number 0520053354
035 ## - SYSTEM CONTROL NUMBER
System control number (OCoLC)10696150
040 ## - CATALOGING SOURCE
Original cataloging agency DLC
Transcribing agency DLC
Modifying agency DLC
-- BD-DhEWU
Language of cataloging eng
041 ## - LANGUAGE CODE
Language code of text/sound track or separate title eng
050 00 - LIBRARY OF CONGRESS CALL NUMBER
Classification number Z7164.C81
Item number D16 1985
Classification number HF5351
082 00 - DEWEY DECIMAL CLASSIFICATION NUMBER
Classification number 016.33
Item number DAB 1985
100 1# - MAIN ENTRY--PERSONAL NAME
Personal name Daniells, Lorna M.
9 (RLIN) 17286
245 10 - TITLE STATEMENT
Title Business information sources /
Statement of responsibility, etc Lorna M. Daniells.
250 ## - EDITION STATEMENT
Edition statement Rev. ed.
260 ## - PUBLICATION, DISTRIBUTION, ETC. (IMPRINT)
Place of publication, distribution, etc Berkeley :
Name of publisher, distributor, etc University of California Press,
Date of publication, distribution, etc c1985.
300 ## - PHYSICAL DESCRIPTION
Extent xvi, 673 p. ;
Dimensions 24 cm.
500 ## - GENERAL NOTE
General note Online version:<br/>Daniells, Lorna M.<br/>Business information sources.<br/>Berkeley : University of California Press, c1985<br/>(OCoLC)832916417
504 ## - BIBLIOGRAPHY, ETC. NOTE
Bibliography, etc Includes index.
526 ## - STUDY PROGRAM INFORMATION NOTE
Program name BA
590 ## - LOCAL NOTE (RLIN)
Local note Tahur Ahmed
650 #0 - SUBJECT ADDED ENTRY--TOPICAL TERM
Topical term or geographic name as entry element Business
General subdivision Bibliography.
9 (RLIN) 17287
Topical term or geographic name as entry element Management
General subdivision Bibliography.
9 (RLIN) 17288
856 42 - ELECTRONIC LOCATION AND ACCESS
Materials specified WorldCat details
Uniform Resource Identifier http://www.worldcat.org/title/business-information-sources/oclc/10696150&referer=brief_results
942 ## - ADDED ENTRY ELEMENTS (KOHA)
Source of classification or shelving scheme Dewey Decimal Classification
Koha item type Text
Holdings
Withdrawn status Lost status Source of classification or shelving scheme Damaged status Not for loan Collection code Home library Current library Shelving location Date acquired Source of acquisition Cost, normal purchase price Total Checkouts Full call number Barcode Copy number Koha item type
    Dewey Decimal Classification   Not For Loan Reference Dr. S. R. Lasker Library, EWU Dr. S. R. Lasker Library, EWU Reference Section 23/04/1998 Karim International 0.00   016.33 DAB 1985 3619 C-1 Ref.